书目信息 |
| 题名: |
自动显示技术及装置
|
|
| 作者: | 纪树赓 编 | |
| 分册: | 上 显示仪器 | |
| 出版信息: | 北京 机械工业出版社 1981 |
|
| 页数: | 262页 | |
| 开本: | 25cm | |
| 丛书名: | ||
| 单 册: | ||
| 中图分类: | TN27 | |
| 科图分类: | ||
| 主题词: | 显示--技术 | |
| 电子资源: | ||
| ISBN: | ||
| 000 | 00615nam0 2200229 45 | |
| 001 | 0181004342 | |
| 005 | 20060814103906.28 | |
| 010 | @dCNY1.75 | |
| 091 | @a15033.5047 | |
| 100 | @a19950421d1981 emky0chiy0121 ea | |
| 101 | 0 | @achi |
| 102 | @aCN@b110000 | |
| 105 | @ay z 000yy | |
| 200 | 10 | @a自动显示技术及装置@Azi dong xian shi ji shu ji zhuang zhi@h上@i显示仪器@f纪树赓编 |
| 210 | @a北京@c机械工业出版社@d1981 | |
| 215 | @a262页@d25cm | |
| 606 | @a显示@x技术 | |
| 690 | @aTN27@v3 | |
| 701 | 0 | @a纪树赓@Aji shu geng@4编 |
| 801 | 2 | @aCN@bNLC@c20060814 |
| 801 | 0 | @aCN@bTSSF |
| 905 | @a10447@dTN27@e69:1 | |
| 自动显示技术及装置.上.显示仪器/纪树赓编.-北京:机械工业出版社,1981 |
| 262页;25cm |
| ISBN :CNY1.75 |
| ● |
| 相关链接 |
|
|
|
|
正题名:自动显示技术及装置
索取号:TN27/69:1
 
预约/预借
| 序号 | 登录号 | 条形码 | 馆藏地/架位号 | 状态 | 备注 |
| 1 | 0458119 | 204581194 | 密集书库/ [索取号:TN27/69:1] | 在馆 |